Bd. 269, № 5; Zeitschrift fur physikalische Chemie

Dades bibliogràfiques
Parent link:Zeitschrift fur physikalische Chemie: magazin. Bd. 269, № 5.— , 1887-1990
Idioma:alemany
Publicat: 1988
Format: Llibre
KOHA link:https://koha.lib.tpu.ru/cgi-bin/koha/opac-detail.pl?biblionumber=546928

MARC

LEADER 00000nam2a2200000 4500
001 546928
005 20231101120012.0
035 |a (RuTPU)RU\TPU\prd\239010 
035 |a RU\TPU\prd\239006 
090 |a 546928 
100 |a 20150615a18871990k y0gery50 ba 
101 0 |a ger 
102 |a DE 
200 0 |a Bd. 269, № 5 
210 |d 1988 
461 1 |0 (RuTPU)RU\TPU\prd\145  |t Zeitschrift fur physikalische Chemie  |o magazin  |v Bd. 269, № 5  |d 1887-1990 
801 0 |a RU  |b 63413507  |c 20010227  |g PSBO 
801 1 |a RU  |b 63413507  |c 20080423  |g PSBO 
801 2 |a RU  |b 63413507  |c 20150717  |g PSBO 
942 |c BK 
999 |a НТБ_ТПУ  |b НФ  |e -15/20140209  |p П-115  |u 0  |v 1